[Event "USA-ch U20"]
[Site "Saint Louis"]
[Date "2016.07.10"]
[Round "3"]
[White "Bodek, Michael H"]
[Black "Xiong, Jeffery"]
[Result "0-1"]
[WhiteElo "2408"]
[BlackElo "2641"]
[Annotator "Schulz,Andre"]
[PlyCount "86"]
[EventDate "2016.07.08"]
[EventType "tourn"]
[EventRounds "9"]
[EventCountry "USA"]
[EventCategory "9"]
[SourceTitle "CBM 173 Extra"]
[Source "ChessBase"]
[SourceDate "2016.08.29"]
[SourceVersion "1"]
[SourceVersionDate "2016.08.29"]
[SourceQuality "1"]
[WhiteClock "0:28:15"]
[BlackClock "0:35:19"]

1. e4 c5 2. Nf3 d6 3. d4 Nf6 4. Nc3 cxd4 5. Qxd4 a6 6. Be3 Nc6 7. Qd2 e6 8.
O-O-O Be7 9. Bf4 Ng4 10. h3 Nge5 11. Nxe5 Nxe5 12. Bh2 O-O 13. f4 Nc6 14. Kb1
b5 15. Be2 (15. Bd3 b4 16. Ne2 a5 17. h4 a4 18. h5 Ra5 19. h6 g6 20. Bg1 e5 21.
Bc4 Be6 22. Bd5 Qd7 23. Be3 Rb8 24. Rhf1 b3 25. Bxe6 Qxe6 26. cxb3 axb3 27. a3
exf4 28. Rxf4 g5 29. Nd4 Nxd4 30. Qxd4 f6 31. Rf3 Re5 32. Bc1 Rxe4 33. Qa7 Rc8
34. Qb7 Kf7 35. Rxb3 Kg6 36. Rbd3 Rec4 37. Bd2 Qe4 38. Qxe4+ Rxe4 39. Bb4 Bf8
40. Bxd6 Bxh6 41. b4 Re2 42. b5 Rcc2 43. Rb3 Bg7 44. Rc1 Rcd2 45. Bb4 Rd7 46.
a4 f5 47. b6 f4 48. a5 g4 49. a6 Bd4 50. b7 Re8 51. Rc8 Rdd8 52. b8=Q {1-0 (52)
Socko,B (2651)-Duda,J (2497) Chorzow 2013}) 15... Rb8 16. f5 b4 17. Na4 Qa5 18.
b3 e5 (18... Ne5) 19. Bg1 Nd4 {Giving a pawn to get attacking chances on the
black squares.} 20. Bxd4 exd4 21. Qxd4 Bb7 22. Nb6 Bf6 (22... Rfd8 23. Nd5 Bxd5
24. Qxd5 Qa3 $14) 23. Nc4 Qb5 (23... Bxd4 $6 24. Nxa5 Be5 25. Nxb7 Rxb7 26. Rd5
$16) 24. Qxd6 ({More careful was} 24. Qe3 Rbd8 25. Bf3) 24... Bxe4 {[#]} 25.
Bd3 $2 (25. Qf4 Bxf5 (25... Bxg2 26. Rhg1 Ba8 $11) 26. Bd3 $11) 25... Rbd8 26.
Qg3 (26. Qf4 Bxg2 $17) 26... Qd5 {Black now regains his pawn with interest.}
27. Qf2 (27. Bxe4 $4 Qxd1+ 28. Rxd1 Rxd1#) 27... Bxg2 28. Rhg1 Be4 ({Black
could also play} 28... Bxh3 {because after} 29. Rh1 Bg2 30. Rh2 Bf3 31. Rg1
Rfe8 $19 {White cannot use the open files on the kingside. With the text move
Black again makes use of White's weak back rank.}) 29. Rge1 h6 {A little
"luft" can't be bad!} 30. a4 Bc3 31. Nb6 $2 {This loses an exchange.} ({
Necessary was} 31. Rf1 $17 {though White still has a rather desolate position.}
) 31... Qc6 32. Bxe4 Qxe4 33. Rg1 (33. Rf1 Bd4 34. Qf4 Qxf4 35. Rxf4 Bxb6 $19)
33... Bd4 34. Qg3 {Thanks to the mating threat White loses "only" the exchange
and not a full piece.} Bxg1 35. Rxg1 Qd4 36. Nc4 Rfe8 37. Nb2 Re3 38. Qf2 Rxh3
39. Qg2 Rh5 40. Rf1 Rg5 41. Qh1 Qf6 42. Qe4 Rd4 43. Qe3 Rd5 0-1

[Event "Olympiad-31"]
[Site "Moscow"]
[Date "1994.12.01"]
[Round "1.1"]
[White "David, Alberto"]
[Black "Yudasin, Leonid"]
[Result "1-0"]
[WhiteElo "2425"]
[BlackElo "2625"]
[Annotator "Shipov,S"]
[PlyCount "121"]
[EventDate "1994.12.01"]
[EventType "team-swiss"]
[EventRounds "14"]
[EventCountry "RUS"]
[SourceTitle "CBM 045"]
[Source "ChessBase"]
[SourceDate "1995.04.01"]
[SourceVersion "1"]
[SourceVersionDate "1995.04.01"]
[SourceQuality "1"]
[WhiteTeam "Luxembourg"]
[BlackTeam "Israel"]
[WhiteTeamCountry "LUX"]
[BlackTeamCountry "ISR"]

1. e4 {Hecht} c5 2. Nf3 d6 3. Bb5+ Nc6 4. d4 cxd4 5. Qxd4 Bd7 6. Bxc6 Bxc6 7.
Nc3 (7. c4 $5) 7... Nf6 8. Bg5 e6 9. O-O-O Be7 10. Rhe1 O-O 11. Qd2 (11. e5) (
11. Qd3) 11... Qc7 12. Nd4 Rfc8 (12... b5 13. Nxc6 (13. Ncxb5 $5 Bxb5 14. Nxb5
Qc4 15. Qd3 Qxa2 16. Qa3 Qc4 17. Bxf6 Bxf6 18. Nxd6 Qc6 19. g3 Rab8 20. e5 $16
{Kuksov,V-Dvoirys,S/Pavlodar/1991/}) 13... Qxc6 14. Bxf6 Bxf6 (14... gxf6 $5)
15. Qxd6 Qc4 16. Qd3 Qc5 17. f4 $2 (17. Qxb5 $2 Qxf2 18. e5 Rab8 19. Qe2 Qf4+
20. Kb1 Rxb2+ $1 $17 {Grottke,H-Kalinichev,S/Potsdam/1985/}) 17... Rfd8 18. Qf3
b4 19. Na4 Qc6 20. b3 $16 {Yandemirov,V-Ruck,R/Budapest/1993/}) (12... Rfd8 13.
f3 (13. f4 h6 14. h4 b5 $1 15. Re3 b4 16. Bxf6 Bxf6 17. Nce2 a5 18. Rh1 $6 h5
$1 19. g4 hxg4 20. Rg1 Bd7 21. Rxg4 e5 22. Nf5 d5 $1 $17 {Yusupov,A-Psakhis,L/
Moscow/1981/}) 13... a6 14. Kb1 b5 15. g4 b4 16. Nce2 a5 (16... Be8 17. h4 a5
18. Bxf6 $2 (18. Ng3 $13) 18... Bxf6 19. g5 Be7 20. h5 d5 $1 21. g6 dxe4 22.
Qe3 Bf6 $17 {Polgar,J-Petursson,M/Budapest/1989/}) 17. Ng3 Bb7 18. h4 $14 {
Yandemirov,V-Anastasian,A/St-Peterburg/1993/}) 13. f3 (13. Kb1 Rab8 (13... b5
$5 14. Ncxb5 Qb6 15. Bxf6 $6 Bxf6 16. Nxd6 Rd8 17. e5 Bxe5 18. Rxe5 Rxd6 $146 {
Braga,F-Sax,G/Benasque/1993/}) (13... a6 $5 14. f3 b5 15. Bxf6 Bxf6 16. Nxc6
Qxc6 17. Qxd6 Qxd6 18. Rxd6 Be5 $10 {Yandemirov,V-Mitenkov,A/Smolensk/1992/})
14. f3 b5 (14... Be8 15. Ndb5 Bxb5 16. Nxb5 Qc5 17. Bxf6 Bxf6 18. Nxd6 Rd8 19.
f4 e5 20. Qd5 Qxd5 21. Rxd5 $14 {Yandemirov,V-Aseev,K/Kostroma/1985/}) 15. Nxc6
Qxc6 16. Bxf6 Bxf6 (16... gxf6 $5) 17. Qxd6 Bxc3 18. Qxc6 Rxc6 19. bxc3 Rxc3
20. Rd7 $14 {Yandemirov,V-Aseev,K/Podolsk/1992/}) 13... b5 14. Kb1 (14. g4 Rab8
15. Nce2 b4 16. Ng3 Ne8 $1 17. h4 Bf8 18. h5 a5 19. Kb1 a4 20. Be3 Bd7 21. g5
e5 $1 22. Nde2 Be6 $15 {Zapolskis,D-Loginov,V/Kstovo/1994/}) (14. Nxc6 Qxc6 15.
Bxf6 gxf6 $5 16. Ne2 a5 17. Kb1 b4 18. Nd4 Qc5 19. f4 a4 20. Re3 d5 $1 $132 {
Ostermeyer,P-Shneider,A/Weursburg/1991/}) 14... b4 15. Nce2 a5 16. g4 a4 17.
Ng3 (17. Qxb4 $6 Rab8 (17... d5 $2 18. Qc3 $1) 18. Qd2 Qb6 $40) 17... Ra5 (
17... b3 $2 18. cxb3 axb3 19. a3 $1 $16) 18. h4 Rc5 19. Rg1 {/\NhR/} Ba8 (19...
d5 $6 20. Nh5 $36) (19... Ne8 $5) 20. Rg2 Bd8 21. Nh5 Ne8 $8 (21... Nxh5 $2 22.
gxh5 $40) 22. Qxb4 (22. Bxd8 Rxd8 23. g5 $5) 22... Bxg5 23. hxg5 e5 (23... Rb8
$5 24. Qd2 (24. Qxa4 $2 Ra5 $19) 24... d5 $1 $146) 24. Nf5 g6 $2 (24... Rxc2 $2
25. Ne7+ $1 Kf8 (25... Qxe7 26. Rxc2) 26. Nxc8 Rxg2 27. Rc1 $18) (24... Rb8 $1
25. Qd2 Rcb5 26. c3 (26. b3 axb3 27. axb3 Rxb3+ $5 $13) 26... d5 $1 $132) 25.
Nf6+ $1 Nxf6 26. gxf6 gxf5 27. gxf5+ Kf8 (27... Kh8 $6 28. Qd2 {/\Qh6+-/}) 28.
Rdg1 $1 Ke8 29. Rh1 $16 Kd7 (29... Rxc2 30. Qxa4+ Rc6 31. Rxh7 $18) 30. Rxh7
Rf8 31. Rgg7 Ke8 32. Qxa4+ Bc6 33. Qb4 Bd7 (33... Qb7 $5) 34. Qd2 $1 Qa5 (34...
Bc6 35. Qg2 $1 {/\Rg8/}) 35. Qxa5 Rxa5 36. c4 $1 Ra6 37. Rh6 Kd8 38. b3 Kc7 39.
Rhh7 d5 $5 40. cxd5 Rxf6 41. Kb2 Kd6 42. a4 Ke7 43. Rg6 $1 $18 Bxf5 (43... Rxg6
44. fxg6 Kf6 45. Rxf7+ Rxf7 46. gxf7 Kxf7 47. Kc3 $18) 44. exf5 Rxf5 45. Rb6
Rxf3 46. Rh5 Re3 (46... f6 {Hecht} 47. Rh7+ Rf7 48. Rb7+ $18) 47. Rf5 Rh8 48.
a5 Rh2+ 49. Ka3 Rd2 50. Rb7+ Kd6 51. Rfxf7 Rxd5 52. Ka4 Re1 53. Rfd7+ Ke6 54.
Rxd5 Kxd5 55. Kb5 e4 56. a6 e3 57. a7 Ra1 58. Kb6 Ra3 59. b4 Kc4 60. Re7 Kd3
61. b5 1-0

[Event "Las Palmas"]
[Site "Las Palmas"]
[Date "1994.??.??"]
[Round "5"]
[White "Polgar, Judit"]
[Black "Shirov, Alexei"]
[Result "1-0"]
[WhiteElo "2630"]
[BlackElo "2705"]
[Annotator "Shirov,A"]
[PlyCount "69"]
[EventDate "1994.05.??"]
[EventType "tourn"]
[EventRounds "9"]
[EventCountry "ESP"]
[EventCategory "17"]
[SourceTitle "CBM 042"]
[Source "ChessBase"]
[SourceDate "1994.10.01"]
[SourceVersion "1"]
[SourceVersionDate "1994.10.01"]
[SourceQuality "1"]

1. e4 c5 2. Nf3 d6 3. d4 cxd4 4. Qxd4 Nc6 5. Bb5 Bd7 6. Bxc6 Bxc6 7. Nc3 Nf6 8.
Bg5 e6 9. O-O-O Be7 10. Qd3 O-O $6 (10... Qa5 $142) 11. Nd4 Qa5 (11... Qc7 $142
12. f4 Rfd8 13. h4 (13. f5 $2 Nxe4 14. Bxe7 Nc5) 13... Rab8 14. f5 e5 15. Nf3
b5 $132) 12. f4 Rfc8 $6 (12... Rfd8 $142 13. f5 Bd7 $14) 13. f5 $1 $146 b5 (
13... Bd7 14. Nb3 Qe5 15. Rhf1 $16) 14. fxe6 fxe6 $6 (14... b4 15. Nf5 $1 (15.
exf7+ Kf8 $3 {Polgar,J}) 15... Kh8 $1 (15... Kf8 $2 16. Bxf6 Bxf6 17. Qxd6+ $18
) 16. e5 $3 Qxe5 (16... bxc3 17. exf6 $16) 17. Rhe1 Qa5 18. Nxe7 Qxg5+ 19. Kb1
$16 bxc3 $140 20. Nxc8 Rxc8 21. exf7) 15. Nxe6 (15. Nxc6 $2 Rxc6 16. Qxb5 Qc7
$44 17. Qb3 $140 Qc8 18. Nb5 Rb6 $1) 15... b4 16. Bxf6 Bxf6 (16... bxc3 17.
Bxc3 $1 (17. Bxe7 Qxa2 18. Qxc3 Qxe6 19. Rxd6 Qxe4 $14) 17... Qxa2 18. Qg3 g6
19. Nf4 $16 Bxe4 $140 20. Rhe1 Rc4 21. Nxg6 $1 $18 {Polgar,J}) 17. Nd5 Be5 (
17... Qxa2 18. Nxf6+ gxf6 (18... Kh8 19. Nd5 $18) 19. Qg3+ Kf7 20. Rxd6 Rg8 21.
Qh3 $18) (17... Bxd5 18. Qxd5 Qxd5 19. exd5 $17) 18. Kb1 (18. Ne7+ Kh8 19. Nxc8
Rxc8 20. Kb1 Bb5 21. Qd5 Qa6 22. Nc7 $1 Rxc7 23. Qxe5 $18) 18... Bb5 $6 (18...
Bxd5 19. exd5 $1 {/\ Rhe1} (19. Qxd5 Qxd5 20. exd5 Rc4 21. g3 Rac8 22. Rd2 h6
$16)) 19. Ne7+ $1 Kf7 (19... Kh8 20. Ng5 $1 (20. Qd5 Qa6 21. Nc7 $18) 20... h6
21. Nf7+ Kh7 22. Qh3 $18) 20. Qd5 $1 Kxe7 21. Ng5 $1 Re8 (21... Kd7 22. Qxe5
$18) (21... Kf6 22. Qe6+ Kxg5 23. h4+ Kh5 24. g4#) (21... Rxc2 22. Qe6+ Kd8 23.
Qxe5 Rc1+ 24. Kxc1 Rc8+ 25. Kb1 Bd3+ 26. Rxd3 Qxe5 27. Nf7+ $18) 22. Rhf1 $1 (
22. Qf7+ $2 Kd8 23. Qb7 Bc4 $13) 22... Bxf1 $8 (22... Rab8 23. Qxe5+ $3 dxe5
24. Rf7#) 23. Qxa5 Be2 24. Rd2 Bg4 25. h3 Rf8 26. a4 (26. hxg4 $4 Rf1+) 26...
Rf1+ (26... bxa3 27. hxg4 Rf1+ 28. Ka2 axb2 29. Qc7+ Kf8 (29... Kf6 30. Qf7+
$18) 30. Rd1 $1 Rxd1 31. Qf7#) 27. Ka2 Bd7 28. Rd5 $1 {/\ Re5} Kf6 29. Nxh7+
Kg6 30. Rxe5 $1 dxe5 31. Qa6+ Kxh7 32. Qxf1 Bxa4 33. Qf5+ Kh8 34. Qh5+ Kg8 35.
Qxe5 1-0

[Event "Pardubice KB op"]
[Site "Pardubice"]
[Date "1997.??.??"]
[Round "7"]
[White "Hasangatin, Ramil"]
[Black "Stohl, Igor"]
[Result "1/2-1/2"]
[WhiteElo "2470"]
[BlackElo "2565"]
[Annotator "Stohl,I"]
[PlyCount "116"]
[EventDate "1997.07.17"]
[EventType "swiss"]
[EventRounds "9"]
[EventCountry "CZE"]
[SourceTitle "CBM 059 Extra"]
[Source "ChessBase"]
[SourceDate "1997.09.26"]
[SourceVersion "1"]
[SourceVersionDate "1997.09.26"]
[SourceQuality "1"]

1. e4 c5 2. Nf3 d6 3. d4 cxd4 4. Qxd4 a6 $5 ({I did not want to play the more
usual} 4... Nc6 5. Bb5 Bd7 6. Bxc6 Bxc6 7. Nc3 Nf6 8. Bg5 e6 9. O-O-O Be7 {
as I did in round 1. The text is even objectively not weaker.}) 5. c4 (5. Bg5
$5 Nc6 6. Qd2 h6 7. Bh4 g5 8. Bg3 Nf6 $132) (5. Be3 Nc6 6. Qb6 Qxb6 7. Bxb6 Bg4
$5 $11) 5... Nc6 6. Qd2 g6 7. h3 {Prevents Bg4, but costs precious time. Also
other moves don't cause Black toomany problems.} (7. Nc3 Bg4 8. Be2 Bh6 $1 $10)
(7. b3 Bg7 8. Bb2 Bxb2 9. Qxb2 Nf6 $10) 7... Nf6 8. Nc3 Bg7 9. Be2 Nd7 $5 $146
{A new move in this position, although the idea is not original.} (9... O-O 10.
O-O Nd7 (10... Bd7 11. Rb1 Qc7 12. b3 Rac8 13. Bb2 Qb8 14. Qe3 Qa7 15. Qxa7
Nxa7 16. e5 dxe5 17. Nxe5 Be6 18. Rfd1 Nc6 19. Nxc6 Rxc6 20. Bf3 Rc7 21. Rd2
$14 {Ciric,D-Sziebert,A/Budapest2/1994/}) (10... Rb8 11. Re1 Nd7 12. b3 b5 13.
cxb5 axb5 14. Bb2 Qa5 15. Qc1 Nde5 16. Nd5 Bd7 17. a3 Rfc8 18. Qb1 e6 19. b4
Qa7 20. Ne3 Nxf3+ 21. Bxf3 Nd4 22. Bd1 Rc7 23. Nc2 Rbc8 24. Nxd4 Bxd4 25. Bxd4
Qxd4 26. Bb3 Bc6 27. Ra2 Bb7 $17 {[%csl Gd4][%cal Gc7c1] <->c,[+]Q,Nikolaiczuk,
L-Petursson,M/Hamburg op/1981/}) 11. b3 Nc5 12. Bb2 Bd7 13. Rfe1 Rb8 14. Bf1
Qa5 15. Rad1 b5 16. Ba1 Rfc8 $15 {Ciric,D-Estrada Nieto/Budapest2/1994/}) 10.
Rb1 (10. O-O $142 Nc5 11. Rb1 (11. b3 $2 Nxe4) 11... O-O 12. b4 $5 Bxc3 13.
Qxc3 Nxe4 14. Qe3 $44) (10. b3 $6 Nc5 11. Bb2 Qa5 $1 {/\Ne4} 12. Rb1 f5 $36)
10... O-O (10... Qa5 $5 $36 {/\} 11. b4 $2 Nxb4 $1 12. Nd5 Nxd5 13. Qxa5 Bc3+
14. Qxc3 Nxc3 15. Bb2 Nxb1 16. Bxh8 e5 $17) (10... a5 $5 {[%cal Yd7c5,Yf7f5] /
\Nc5,f5<=>}) 11. b4 $6 {Risky with the K still in the center.} (11. O-O $142
Nc5 {-10.0-0}) 11... Nde5 $32 (11... a5 $5 12. a3 (12. b5 Nce5 13. Nxe5 Bxe5
$15 {[%csl Rc5] ><c5}) 12... axb4 13. axb4 Nde5 14. Nxe5 (14. O-O Nxf3+ 15.
Bxf3 Ne5 16. Be2 Be6 17. Nd5 Rc8 18. Qa2 f5 $36) 14... dxe5 $1 {[%cal Rc6d4,
Ga8a1] <->a,/\Nd4}) 12. Nxe5 Nxe5 (12... dxe5 13. Qxd8 Rxd8 14. Nd5 $13) 13. f4
$5 (13. O-O $2 Be6 14. Nd5 Rc8 $17 {[%csl Rc4] ><c4}) (13. Bb2 a5 14. a3 axb4
15. axb4 Be6 16. Nd5 Ra2 $32 {[%csl Re1] עe1}) 13... Nxc4 $1 {An interesting
tactical solution. The following complications favour Black.} (13... Nc6 $143
14. O-O Qb6+ 15. Kh1 Qd4 $11) 14. Bxc4 Qc7 15. Qd3 (15. Bxf7+ Rxf7 16. Nd5 Qc4
17. Qe2 Qxe2+ 18. Kxe2 Bd7 $1 $36 {[%csl Gd7,Gg7] _|_^^}) 15... b5 (15... Bxc3+
$4 16. Qxc3 b5 17. Bb2 $18) 16. Bxf7+ $8 (16. Nxb5 axb5 17. Bd5 (17. Bxb5 Rxa2
$40) 17... Bb7 $17) (16. Nd5 Qxc4 17. Nxe7+ Kh8 18. Qxc4 bxc4 19. Nxc8 Raxc8
20. Kd1 f5 $5 21. exf5 gxf5 $17 {[%csl Gc4,Gd6] o^c,d,@}) 16... Rxf7 17. Nd5
Qc4 $1 $8 {The only way to keep the initiative going.} (17... Qb7 $143 $6 18.
Be3 Be6 19. O-O $10) 18. Qxc4 bxc4 19. Bb2 $1 $8 (19. Be3 Bb7 $17 {[%csl Gb7,
Re4,Gg7] ^^,><e4}) 19... e6 (19... Bb7 20. Bxg7 Kxg7 21. O-O Bxd5 (21... e6 $6
22. Nc3 $14) 22. exd5 Rf5 23. Rfe1 Kf7 24. Re4 $1 $10) 20. Bxg7 $1 (20. Nb6 $6
c3 $1 21. Nxa8 cxb2 22. Nb6 Bb7 23. e5 Rxf4 (23... dxe5 24. Rxb2 exf4 25. Rc2
Bd4 $44) 24. exd6 (24. Rxb2 Bxe5 $17) 24... Rxb4 25. d7 Bf6 $17) 20... exd5 21.
Bh6 $1 {White keeps finding the only moves to fight on. He defends the
difficult endgame very well despite being short of time.} (21. Bc3 $2 Rxf4 22.
exd5 Bf5 $40 {[%csl Re1]}) 21... Re7 (21... dxe4 22. Rd1 $44) 22. Kd2 $5 Rxe4 (
22... d4 23. Rbc1 Be6 24. g4 $13) (22... dxe4 $5 23. Ke3 d5 $15 {[%cal Re7b7,
Ra8b8] /\Rb7,Rab8}) 23. Rbe1 Bf5 ({Also unconvincing is} 23... Rd4+ 24. Kc1 Kf7
(24... Bf5 $6 25. Re7 $36) 25. Bg5 Be6 (25... Ra7 26. Rd1 $1 (26. f5 Rb7 27.
fxg6+ Kxg6 28. Bd2 Bf5 $17) 26... Rxd1+ 27. Rxd1 Be6 28. Kb2 $44) 26. Re3 Re4
27. Rxe4 dxe4 28. Kd2 $44 {with a tight blockade.}) 24. Rxe4 Bxe4 25. Re1 Bxg2
{Risky.} ({But even the safer} 25... Kf7 $5 26. g4 (26. Re2 $2 Bd3 $19 {
[%cal Rd5d4] /\d4}) 26... Bg2 27. Bg5 $1 Re8 (27... Ra7 28. Kc3 $44 {/\} Bxh3
$2 29. Rh1 $18) 28. Rxe8 Kxe8 29. Bf6 Bxh3 30. g5 Kf7 {[%cal Rh7h5] /\h5} 31.
Bd4 Bd7 32. Ke3 Ke6 33. Bc3 Kf5 34. Bd4 Kg4 35. Bc3 Kg3 36. Bd4 Kg2 37. Bc3 Kf1
38. Bd2 $1 Bc6 39. Bc3 Bb5 40. Bd2 d4+ 41. Kxd4 Ke2 42. Bc3 d5 (42... Kd1 43.
a4 $10) 43. Bb2 Kf3 44. Bc1 $10 {is not sufficient to break White's fortress.})
(25... a5 26. b5 a4 27. Kc3 $1 {[%cal Rc3b4] /\Kb4}) 26. Re7 Bxh3 27. Rg7+ $138
(27. Bg7 $5 $44) 27... Kh8 28. Re7 Kg8 $138 29. Rg7+ Kh8 30. Re7 Rc8 (30... Bf5
31. Bg7+ Kg8 32. Bd4 h5 33. a4 Rb8 34. Kc3 $44) 31. Bg7+ Kg8 32. Bd4 Bf5 33.
Rg7+ $2 $138 (33. a4 $6 c3+ $1 34. Bxc3 Rc4 $17) (33. Kc3 $1 $10) 33... Kf8 34.
Rxh7 Re8 $2 (34... c3+ $1 35. Bxc3 Rc4 $17) 35. Rh8+ Kf7 36. Rxe8 $11 {[%csl
Gd4,Gf5] ^-} Kxe8 37. Kc3 (37. a4 $1 Bd7 38. b5 $10) 37... Kd7 38. Bf6 (38. Ba7
$142 $10) 38... Be4 39. Kd4 Kc6 (39... Ke6 40. Bd8 Kf5 (40... Bc2 41. Bc7 $1
$10) 41. Bg5 $10 (41. a4 $2 Kxf4 42. b5 axb5 43. axb5 Bf5 $19)) 40. Kc3 Bf3 41.
Bd4 Kb5 42. a3 Bd1 43. Ba7 Be2 44. Bd4 (44. Bb8 Ka4 $5 45. Bxd6 d4+ 46. Kxd4
Kb3 47. Be5 $1 (47. b5 axb5 48. Bb4 Bg4 $22) 47... c3 48. Ke3 c2 49. Kd2 $10)
44... Ka4 45. Kb2 Bd1 46. Bf2 Kb5 47. Kc3 Bb3 48. Ba7 $1 Kc6 49. Bb8 Kd7 50.
Kd4 Ke6 51. Bc7 Kf5 {The last try, without sacrifices Black can't get anywhere.
} 52. Bxd6 Kg4 53. Be5 Kf3 54. a4 $1 $8 Bxa4 (54... Ke2 55. b5 Bxa4 56. bxa6
Bc6 57. Bc7 $10) 55. Kxd5 c3 56. Bxc3 Kxf4 57. Bd2+ Kf5 58. Kd4 Bb5 1/2-1/2